Statistiques concernant TOUS les Pays d'Amérique du Nord

Cliquez ici pour prendre le quiz!

Statistiques générales

  • Ce quiz a été pris 164 fois
  • Le résultat moyen est 21 sur 27

Réponses sur la Carte

Les réponses sont colorées sur une échelle allant du rouge au vert en fonction du pourcentage des utilisateurs qui les ont devinées à leur premier essai. Vous pouvez retrouver ces pourcentages ci-dessous.
 

Statistiques - réponses

pays% Correct
Canada
100%
États-Unis
99%
Mexique
99%
Cuba
97%
Costa Rica
90%
Panama
88%
Honduras
87%
Haïti
86%
Jamaïque
84%
République Dominicaine
84%
Guatemala
83%
Belize
81%
Salvador
81%
Bahamas
80%
Nicaragua
78%
Dominique
72%
France (Île Clipperton, Guadeloupe, Martinique, Saint-Barthélémy, Saint-Martin, Saint-Pierre-et-Miquelon)
71%
Sainte-Lucie
71%
Trinité-et-Tobago
69%
Antigua-et-Barbuda
67%
Barbade
67%
Grenade
63%
Saint-Vincent-et-les-Grenadines
63%
Saint-Christophe-et-Niévès
62%
Royaume-Uni (Anguilla, Bermudes, Îles Vierges Britanniques, Îles Caïmanes, Montserrat, Îles Turks et Caicos)
59%
Pays-Bas (Aruba, Bonaire, Curaçao, Saba, Sint-Eustatius, Sint Maarten)
53%
Danemark (Groenland)
38%

Distribution des résultats

Percentile par nombre de réponses

% des personnes avec chaque résultat

Votre développement - résultats

Vous n’avez pas pris ce quiz